000 00453pab a2200157 454500
008 180718b xxu||||| |||| 00| 0 eng d
100 _aSadri Sarab
245 _aAn empirical examination of ethics and the corporate managers
362 _a30(1), Jul 1994, p.38-52
650 _a Managers -- India
650 _aExecutives -- India
700 _aDastoor Dhun
700 _aJayashree
773 _aIndian Journal of Industrial Relations
909 _a27298
999 _c27298
_d27298